<?xml version="1.0" encoding="UTF-8"?>
<record
    xmlns:xsi="http://www.w3.org/2001/XMLSchema-instance"
    xsi:schemaLocation="http://www.loc.gov/MARC21/slim http://www.loc.gov/standards/marcxml/schema/MARC21slim.xsd"
    xmlns="http://www.loc.gov/MARC21/slim">

  <leader>01778    a2200217   4500</leader>
  <controlfield tag="001">43337</controlfield>
  <controlfield tag="005">20260407155717.0</controlfield>
  <controlfield tag="008">260407a1969    arg                 spa d</controlfield>
  <controlfield tag="003">AR-UNSa-BCEJYS</controlfield>
  <datafield tag="040" ind1=" " ind2=" ">
    <subfield code="a">AR-UNSa-BCEJYS</subfield>
    <subfield code="b">spa</subfield>
    <subfield code="c">AR-UNSa-BCEJYS</subfield>
  </datafield>
  <datafield tag="080" ind1=" " ind2=" ">
    <subfield code="a">336.1</subfield>
    <subfield code="x">Finanzas P&#xFA;blicas. Finanzas del gobierno en general
 
</subfield>
  </datafield>
  <datafield tag="245" ind1="1" ind2="0">
    <subfield code="a">Teor&#xED;a de la hacienda p&#xFA;blica</subfield>
  </datafield>
  <datafield tag="264" ind1=" " ind2="1">
    <subfield code="a">Madrid :</subfield>
    <subfield code="b">Aguilar</subfield>
    <subfield code="c">1969</subfield>
  </datafield>
  <datafield tag="300" ind1=" " ind2=" ">
    <subfield code="a">lxxxiv, 668 p.</subfield>
    <subfield code="c">21 cm.</subfield>
  </datafield>
  <datafield tag="505" ind1=" " ind2=" ">
    <subfield code="a">1. Una teor&#xED;a m&#xFA;ltiple de la hacienca p&#xFA;blica - 2. Interdependencia y consolidaci&#xF3;n de subpresupuestos - 3. Problemas de instrumentaci&#xF3;n - 4. El m&#xE9;todo de beneficio - 5. El m&#xE9;todo de la capacidad de pago - 6. Determinaci&#xF3;n del presupuesto mediante votaci&#xF3;n - 7. Otros problemas de eficiencia - 8. Tratamiento igual a los iguales - 9. Partidas del presupuesto en la contabilidad nacional - 10. Incidencia y efectos de la pol&#xED;tica presupuestaria sobre la producci&#xF3;n - 11. Ajustes en el esfuerzo laboral - 12. Ajustes en el consumo y en el ahorro - 13. Ajustes en el precio y en la producci&#xF3;n - 14. Ajustes en la inversi&#xF3;n - 15. La incidencia en el modelo de consumo total - 16. La incidencia en el modelo de formaci&#xF3;n de capital - 17. La determinaci&#xF3;n de la renta y la teor&#xED;a de la estabilizaci&#xF3;n - 18. Hacienda compensatoria: aspectos de consumo - 19. Hacienda compensatoria: aspectos de la inversi&#xF3;n - 20. Din&#xE1;mica fiscal y desarrollo - 21. Otros problemas de la hacienda compensatoria - 22. Aspectos de liquidez de la pol&#xED;tica fiscal - 23. Teor&#xED;a cl&#xE1;sica de la deuda p&#xFA;blica - 24. Aspectos compensatorios de la pol&#xED;tica de deuda</subfield>
  </datafield>
  <datafield tag="041" ind1=" " ind2=" ">
    <subfield code="a">spa</subfield>
  </datafield>
  <datafield tag="942" ind1=" " ind2=" ">
    <subfield code="c">BK</subfield>
  </datafield>
  <datafield tag="590" ind1=" " ind2=" ">
    <subfield code="a">niveau_biblio:m niveau_hierar:0</subfield>
  </datafield>
  <datafield tag="100" ind1="1" ind2=" ">
    <subfield code="a">Musgrave, Richard A.</subfield>
  </datafield>
  <datafield tag="700" ind1="1" ind2=" ">
    <subfield code="a">Lozano Irueste, Jose Mar&#xED;a</subfield>
  </datafield>
  <datafield tag="999" ind1=" " ind2=" ">
    <subfield code="c">3689</subfield>
    <subfield code="d">3689</subfield>
  </datafield>
  <datafield tag="952" ind1=" " ind2=" ">
    <subfield code="0">0</subfield>
    <subfield code="1">0</subfield>
    <subfield code="4">0</subfield>
    <subfield code="7">0</subfield>
    <subfield code="a">BCEJYS</subfield>
    <subfield code="b">BCEJYS</subfield>
    <subfield code="c">16</subfield>
    <subfield code="d">2026-04-07</subfield>
    <subfield code="l">0</subfield>
    <subfield code="o">336.1 M987</subfield>
    <subfield code="p">L24641</subfield>
    <subfield code="r">2026-04-07 15:57:17</subfield>
    <subfield code="w">2026-04-07</subfield>
    <subfield code="y">L</subfield>
  </datafield>
  <datafield tag="952" ind1=" " ind2=" ">
    <subfield code="0">0</subfield>
    <subfield code="1">0</subfield>
    <subfield code="4">0</subfield>
    <subfield code="7">0</subfield>
    <subfield code="a">BCEJYS</subfield>
    <subfield code="b">BCEJYS</subfield>
    <subfield code="c">16</subfield>
    <subfield code="d">2026-04-07</subfield>
    <subfield code="l">0</subfield>
    <subfield code="o">336.1 M987</subfield>
    <subfield code="p">L24642</subfield>
    <subfield code="r">2026-04-07 15:57:17</subfield>
    <subfield code="w">2026-04-07</subfield>
    <subfield code="y">L</subfield>
  </datafield>
  <datafield tag="952" ind1=" " ind2=" ">
    <subfield code="0">0</subfield>
    <subfield code="1">0</subfield>
    <subfield code="4">0</subfield>
    <subfield code="7">0</subfield>
    <subfield code="a">BCEJYS</subfield>
    <subfield code="b">BCEJYS</subfield>
    <subfield code="c">16</subfield>
    <subfield code="d">2026-04-07</subfield>
    <subfield code="l">0</subfield>
    <subfield code="o">336.1 M987</subfield>
    <subfield code="p">L26666</subfield>
    <subfield code="r">2026-04-07 15:57:17</subfield>
    <subfield code="w">2026-04-07</subfield>
    <subfield code="y">L</subfield>
  </datafield>
  <datafield tag="952" ind1=" " ind2=" ">
    <subfield code="0">0</subfield>
    <subfield code="1">0</subfield>
    <subfield code="4">0</subfield>
    <subfield code="7">0</subfield>
    <subfield code="a">BCEJYS</subfield>
    <subfield code="b">BCEJYS</subfield>
    <subfield code="c">16</subfield>
    <subfield code="d">2026-04-07</subfield>
    <subfield code="l">0</subfield>
    <subfield code="o">336.1 M987</subfield>
    <subfield code="p">L24643</subfield>
    <subfield code="r">2026-04-07 15:57:17</subfield>
    <subfield code="w">2026-04-07</subfield>
    <subfield code="y">L</subfield>
  </datafield>
  <datafield tag="952" ind1=" " ind2=" ">
    <subfield code="0">0</subfield>
    <subfield code="1">0</subfield>
    <subfield code="4">0</subfield>
    <subfield code="7">0</subfield>
    <subfield code="a">BCEJYS</subfield>
    <subfield code="b">BCEJYS</subfield>
    <subfield code="c">16</subfield>
    <subfield code="d">2026-04-07</subfield>
    <subfield code="l">0</subfield>
    <subfield code="o">336.1 M987</subfield>
    <subfield code="p">L24644</subfield>
    <subfield code="r">2026-04-07 15:57:17</subfield>
    <subfield code="w">2026-04-07</subfield>
    <subfield code="y">L</subfield>
  </datafield>
  <datafield tag="952" ind1=" " ind2=" ">
    <subfield code="0">0</subfield>
    <subfield code="1">0</subfield>
    <subfield code="4">0</subfield>
    <subfield code="7">0</subfield>
    <subfield code="a">BCEJYS</subfield>
    <subfield code="b">BCEJYS</subfield>
    <subfield code="c">16</subfield>
    <subfield code="d">2026-04-07</subfield>
    <subfield code="l">0</subfield>
    <subfield code="o">336.1 M987</subfield>
    <subfield code="p">L26667</subfield>
    <subfield code="r">2026-04-07 15:57:17</subfield>
    <subfield code="w">2026-04-07</subfield>
    <subfield code="y">L</subfield>
  </datafield>
</record>
